Statystyki dla Państwa Z Jednym Sąsiadem Na Mapie Świata

Kliknij tutaj aby rozwiązać quiz!

Ogólne statystyki

  • Ten quiz został rozwiązany 1 665 razy
  • Średni wynik to 12 z 17

Odpowiedzi na mapie

Odpowiedzi skodowane kolorowo w zielono-czerwonej skali na mapie do tego quizu, zgodnie z poniższymi procentami.
 

Statystyki odpowiedzi

Kraj% Poprawnych
Irlandia
90%
Kanada
90%
Portugalia
87%
Korea Południowa
85%
Watykan
84%
San Marino
80%
Wielka Brytania
79%
Dania
76%
Lesotho
75%
Papua-Nowa Gwinea
74%
Dominikana
71%
Haiti
71%
Monako
66%
Katar
62%
Brunei
46%
Gambia
45%
Timor Wschodni
42%

Rozkład punktacji

Percentyl według liczby udzielonych odpowiedzi

Procent ludzi z każdym wynikiem

Twoja historia wyników

Nie rozwiązałeś tego quizu